000
00296nam a22001337a 4500
008
170607b xxu||||| |||| 00| 0 eng d
020
_a
023204704
041
_a
eng
080
_a
327
100
_a
18
101
_a
SHH
245
_a
DIPLOMACY AMERICAN DEMOCRACY
_c
NEWSOM.D.D
942
_2
udc
_c
BK
999
_c
16238
_d
16238